[Event "SG Porz 3 - SF Düsseldorf-Süd 1"]
[Site "NRW-Klasse - Gruppe 3 2021/20"]
[Date "2022.06.12"]
[Round "5.2"]
[White "Finke, Kai"]
[Black "Tagsold, Christian"]
[Result "0-1"]
[WhiteElo "2119"]
[BlackElo "2115"]
[PlyCount "142"]
[EventDate "2022.??.??"]
[SourceVersionDate "2020.03.16"]
[WhiteTeam "SG Porz 3"]
[BlackTeam "SF Düsseldorf-Süd 1"]

1. d4 d5 2. c4 e6 3. Nc3 Be7 4. Nf3 Nf6 5. cxd5 exd5 6. Bg5 c6 7. Qc2 g6 8. Bh6
Ng4 9. Bg7 Rg8 10. Be5 Nxe5 11. Nxe5 Bf5 12. Nd3 Nd7 13. e3 Nf6 14. Be2 a5 15.
O-O Ne4 16. f3 Nd6 17. Rfe1 Kf8 18. Bf1 Bh4 19. g3 Bf6 20. Kh1 Bc8 21. Rad1 Ne8
22. Bg2 Kg7 23. Nf4 Bg5 24. Nh3 Bf6 25. Nf2 Nc7 26. Qd2 Re8 27. e4 Kg8 28. e5
Bg7 29. g4 Qh4 30. Nd3 Ne6 31. Qf2 Qxf2 32. Nxf2 Nf4 33. Nd3 Nxd3 34. Rxd3 f6
35. Na4 fxe5 36. Nb6 Rb8 37. dxe5 Kf7 38. Rde3 g5 39. Bf1 Bf8 40. Nxc8 Rbxc8
41. Bd3 Kg7 42. Bf5 Rc7 43. Kg2 Bc5 44. Rd3 Rce7 45. e6 h6 46. Rh1 Bd6 47. h4
Bf4 48. Rdd1 Kf6 49. Rde1 Rg7 50. hxg5+ hxg5 51. Rh6+ Ke7 52. Bg6 Rd8 53. Kf2
d4 54. Bf7 d3 55. Reh1 d2 56. Ke2 Be5 57. b3 Bf6 58. Kd1 Be5 59. R6h5 Bf6 60.
R5h2 Bc3 61. Kc2 b5 62. Kd1 b4 63. Kc2 c5 64. Kd1 a4 65. Kc2 a3 66. Kd1 c4 67.
bxc4 b3 68. axb3 a2 69. Kc2 d1=Q+ 70. Rxd1 Rxd1 71. Kxd1 a1=Q+ 0-1

[Event "SG Porz 3 - SF Düsseldorf-Süd 1"]
[Site "NRW-Klasse - Gruppe 3 2021/20"]
[Date "2022.06.12"]
[Round "5.3"]
[White "Hoffmann, André"]
[Black "Wagenknecht, Uwe"]
[Result "1/2-1/2"]
[WhiteElo "1926"]
[BlackElo "2103"]
[PlyCount "35"]
[EventDate "2022.??.??"]
[SourceVersionDate "2020.03.16"]
[WhiteTeam "SF Düsseldorf-Süd 1"]
[BlackTeam "SG Porz 3"]

1. e4 c5 2. Nf3 g6 3. d4 cxd4 4. Nxd4 Bg7 5. c4 Nc6 6. Be3 Nf6 7. Nc3 Qa5 8. f3
O-O 9. Qd2 d6 10. Be2 Nxd4 11. Bxd4 Be6 12. Rc1 Rfc8 13. b3 a6 14. Nd5 Qxd2+
15. Kxd2 Nxd5 16. Bxg7 Nb4 17. a3 Kxg7 18. axb4 1/2-1/2

[Event "SG Porz 3 - SF Düsseldorf-Süd 1"]
[Site "NRW-Klasse - Gruppe 3 2021/20"]
[Date "2022.06.12"]
[Round "5.4"]
[White "Evers, Leo"]
[Black "Schmitz, Fabian"]
[Result "1-0"]
[WhiteElo "2022"]
[BlackElo "1843"]
[PlyCount "99"]
[EventDate "2022.??.??"]
[SourceVersionDate "2020.03.16"]
[WhiteTeam "SG Porz 3"]
[BlackTeam "SF Düsseldorf-Süd 1"]

1. e4 e6 2. d4 d5 3. e5 c5 4. c3 Qb6 5. Nf3 Bd7 6. Be2 Bb5 7. c4 Bxc4 8. Bxc4
dxc4 9. d5 exd5 10. Qxd5 Ne7 11. Qe4 Qb4+ 12. Nc3 Nbc6 13. O-O Nd4 14. Nd2
O-O-O 15. a3 Qb6 16. Nxc4 Qc6 17. Nd6+ Rxd6 18. exd6 Qxe4 19. Nxe4 Nef5 20.
Nxc5 Bxd6 21. Ne4 Be7 22. Be3 Kb8 23. Rad1 Rd8 24. Bxd4 Nxd4 25. Rfe1 f5 26.
Nc3 Bf6 27. Kf1 Rc8 28. Rd3 Nc2 29. Red1 Nxa3 30. bxa3 Rxc3 31. Rxc3 Bxc3 32.
a4 f4 33. Ke2 Bf6 34. Kf3 Kc7 35. Kxf4 a6 36. Rd5 Kc6 37. Ke4 b5 38. axb5+ axb5
39. Rh5 h6 40. Kd3 Kb6 41. Kc2 Kc6 42. Kb3 Bd4 43. f3 Bf6 44. Rf5 Be7 45. g4
Kb6 46. f4 Bd6 47. h4 Kc6 48. g5 hxg5 49. fxg5 b4 50. h5 1-0

[Event "SG Porz 3 - SF Düsseldorf-Süd 1"]
[Site "NRW-Klasse - Gruppe 3 2021/20"]
[Date "2022.06.12"]
[Round "5.5"]
[White "Huenemeyer, Dirk"]
[Black "Thiemonds, Uli"]
[Result "1/2-1/2"]
[WhiteElo "1913"]
[BlackElo "1993"]
[Annotator "daniel"]
[PlyCount "115"]
[EventDate "2022.??.??"]
[SourceVersionDate "2020.03.16"]
[WhiteTeam "SF Düsseldorf-Süd 1"]
[BlackTeam "SG Porz 3"]

1. c4 e6 2. g3 f5 3. Bg2 Nf6 4. Nc3 d5 5. cxd5 exd5 6. d4 c6 7. e3 Bd6 8. Nge2
O-O 9. Qc2 Qe7 10. O-O Be6 11. Bd2 Nbd7 12. Rac1 Ne4 13. Nxe4 fxe4 14. f3 exf3
15. Bxf3 Bh3 16. Bg2 Bxg2 17. Kxg2 Rf6 18. Nc3 $11 Raf8 19. Qd3 Rxf1 20. Rxf1
Rxf1 21. Qxf1 Bb4 22. Qf4 Bxc3 23. Bxc3 Nf6 24. a3 h6 25. Bb4 Qe4+ 26. Qxe4
dxe4 27. h3 h5 28. Kf2 Kf7 29. Ke2 Ke6 30. Bf8 g5 31. Bh6 Nh7 32. Bg7 Kf7 33.
Be5 Nf8 34. Bb8 a6 35. Kd2 Ke6 36. Bc7 Kd5 37. Bd8 Ne6 38. Be7 g4 39. hxg4 hxg4
40. b3 Ng7 41. Bg5 b5 42. Kc3 Nf5 43. Bf4 c5 44. dxc5 Kxc5 45. Kc2 a5 46. Kc3
a4 47. bxa4 bxa4 48. Kb2 Kc4 49. Kc2 Ne7 50. Bg5 Nc8 51. Bh6 Nd6 52. Bg5 Nb5
53. Be7 Nc3 54. Bf6 Nd5 55. Bg5 Kc5 56. Bh6 Kb5 57. Bg5 Kc6 58. Bh6 1/2-1/2

[Event "SG Porz 3 - SF Düsseldorf-Süd 1"]
[Site "NRW-Klasse - Gruppe 3 2021/20"]
[Date "2022.06.12"]
[Round "5.6"]
[White "Paulus, Jeffrey"]
[Black "Reinartz, Achim"]
[Result "1/2-1/2"]
[WhiteElo "1931"]
[BlackElo "1945"]
[PlyCount "102"]
[EventDate "2022.??.??"]
[SourceVersionDate "2020.03.16"]
[WhiteTeam "SG Porz 3"]
[BlackTeam "SF Düsseldorf-Süd 1"]

1. d4 d5 2. Nc3 Nf6 3. Bf4 a6 4. e3 Bf5 5. Bd3 Bxd3 6. cxd3 e6 7. Nf3 Nbd7 8.
Rc1 c6 9. O-O Nh5 10. Bg5 Be7 11. Bxe7 Qxe7 12. Na4 O-O 13. Ne5 Nhf6 14. f4
Nxe5 15. dxe5 Nd7 16. d4 Qb4 17. a3 Qe7 18. Nc5 Nxc5 19. Rxc5 f6 20. exf6 gxf6
21. Qg4+ Kh8 22. Qh4 Rf7 23. b4 Rg8 24. Rf3 Rfg7 25. Rg3 f5 26. Qxe7 Rxe7 27.
Kf2 Reg7 28. Rxg7 Kxg7 29. a4 Kf6 30. b5 axb5 31. axb5 cxb5 32. Rxb5 Rb8 33.
Rb6 Ke7 34. Kf3 Kf6 35. h3 h5 36. g4 hxg4+ 37. hxg4 fxg4+ 38. Kxg4 Rg8+ 39. Kf3
Rg7 40. e4 dxe4+ 41. Kxe4 Rg1 42. d5 Re1+ 43. Kf3 Kf5 44. d6 Rd1 45. Rb5+ Kf6
46. Rxb7 Rxd6 47. Ke4 Rd1 48. Rb3 Re1+ 49. Re3 Rxe3+ 50. Kxe3 e5 51. fxe5+ Kxe5
1/2-1/2

[Event "SG Porz 3 - SF Düsseldorf-Süd 1"]
[Site "NRW-Klasse - Gruppe 3 2021/20"]
[Date "2022.06.12"]
[Round "5.7"]
[White "Hamm, Norbert"]
[Black "Hackbusch, Thomas"]
[Result "1/2-1/2"]
[WhiteElo "1911"]
[BlackElo "1839"]
[PlyCount "46"]
[EventDate "2022.??.??"]
[SourceVersionDate "2020.03.16"]
[WhiteTeam "SF Düsseldorf-Süd 1"]
[BlackTeam "SG Porz 3"]

1. d4 Nf6 2. c4 g6 3. Nc3 Bg7 4. e4 d6 5. Nge2 O-O 6. Ng3 e5 7. d5 c6 8. Bd3
cxd5 9. cxd5 Nbd7 10. O-O Nc5 11. Bc2 a5 12. h3 Bd7 13. a4 Qb6 14. Rb1 Rac8 15.
Be3 Rc7 16. Nge2 Re8 17. Nc1 Qa6 18. f3 Rb8 19. Nd3 b6 20. Qd2 Qc8 21. Nxc5
bxc5 22. Bd3 c4 23. Be2 Rb4 1/2-1/2

[Event "SG Porz 3 - SF Düsseldorf-Süd 1"]
[Site "NRW-Klasse - Gruppe 3 2021/20"]
[Date "2022.06.12"]
[Round "5.8"]
[White "Wittig, Till"]
[Black "Hoerhager-Celjo, Dino"]
[Result "1-0"]
[WhiteElo "1977"]
[BlackElo "1732"]
[PlyCount "99"]
[EventDate "2022.??.??"]
[SourceVersionDate "2020.03.16"]
[WhiteTeam "SG Porz 3"]
[BlackTeam "SF Düsseldorf-Süd 1"]

1. e4 e6 2. d4 d5 3. exd5 exd5 4. Bd3 Bd6 5. Nf3 Ne7 6. Bg5 Nbc6 7. O-O Bg4 8.
c3 Qd7 9. Re1 O-O 10. Nbd2 h6 11. Bh4 Nf5 12. Qc2 Nce7 13. Bxe7 Nxe7 14. Ne5
Bxe5 15. Rxe5 Qd6 16. h3 Be6 17. Rae1 Rac8 18. a4 c5 19. dxc5 Rxc5 20. Nb3 Rc7
21. Nd4 Qd8 22. Rxe6 fxe6 23. Nxe6 Qc8 24. Nxc7 Qxc7 25. Qe2 Nc6 26. Qe6+ Qf7
27. Qxf7+ Rxf7 28. Re8+ Rf8 29. Bh7+ Kf7 30. Bg6+ Kg8 31. f4 Rxe8 32. Bxe8 Na5
33. Bb5 Nb3 34. Kf2 Nc5 35. a5 a6 36. Be2 Kf7 37. Ke3 Nb3 38. c4 d4+ 39. Ke4
Ke6 40. g4 Nxa5 41. Kxd4 b6 42. h4 Nc6+ 43. Ke4 Ne7 44. g5 hxg5 45. fxg5 Nc6
46. h5 Ne5 47. c5 bxc5 48. Bxa6 g6 49. h6 Kd6 50. Bc4 1-0

[Event "SV Turm Kamp-Lintfort 1 - Klub Kölner "]
[Site "NRW-Klasse - Gruppe 3 2021/20"]
[Date "2022.06.12"]
[Round "5.1"]
[White "Maric, Boris"]
[Black "Ratering, Jona"]
[Result "1/2-1/2"]
[WhiteElo "2081"]
[BlackElo "2119"]
[PlyCount "40"]
[EventDate "2022.??.??"]
[SourceVersionDate "2020.03.16"]
[WhiteTeam "Klub Kölner SF 2"]
[BlackTeam "SV Turm Kamp-Lintfort 1"]

1. d4 d5 2. c4 e6 3. Nc3 Nf6 4. cxd5 exd5 5. Bg5 c6 6. e3 h6 7. Bh4 Be7 8. Bd3
O-O 9. Qc2 Re8 10. Nge2 Nbd7 11. f3 b5 12. O-O a5 13. Bf2 Ba6 14. h3 Qb6 15. e4
b4 16. Nd1 dxe4 17. fxe4 Bxd3 18. Qxd3 c5 19. e5 Nd5 20. dxc5 Qc6 1/2-1/2

[Event "SV Turm Kamp-Lintfort 1 - Klub Kölner "]
[Site "NRW-Klasse - Gruppe 3 2021/20"]
[Date "2022.06.12"]
[Round "5.2"]
[White "Schneider, Christoph"]
[Black "Raasch, Joerg"]
[Result "0-1"]
[WhiteElo "2158"]
[BlackElo "2139"]
[PlyCount "108"]
[EventDate "2022.??.??"]
[SourceVersionDate "2020.03.16"]
[WhiteTeam "SV Turm Kamp-Lintfort 1"]
[BlackTeam "Klub Kölner SF 2"]

1. e4 e6 2. d3 d5 3. Nd2 Nf6 4. Ngf3 Nc6 5. c3 Bd6 6. Be2 O-O 7. O-O e5 8. a3
a5 9. b3 Re8 10. Bb2 Bg4 11. h3 Bh5 12. Re1 h6 13. Qc2 Qd7 14. Nf1 Bg6 15. Ng3
Bf8 16. Rad1 Rad8 17. Bf1 Nh5 18. b4 Nxg3 19. fxg3 axb4 20. axb4 f6 21. Be2 Ne7
22. Nh4 Bf7 23. c4 dxc4 24. dxc4 Qc6 25. Kh2 Qb6 26. Bc3 c5 27. b5 Rxd1 28.
Rxd1 Rd8 29. Rd2 Qc7 30. Qd1 Rxd2 31. Qxd2 g6 32. Nf3 Nc8 33. Bd3 Qd7 34. Qe2
h5 35. Ne1 Bh6 36. Qf2 Qe7 37. Nc2 b6 38. Bd2 Bxd2 39. Qxd2 Nd6 40. Ne3 Kg7 41.
Qf2 Be6 42. Qc2 Qa7 43. Be2 Qa1 44. Nd5 Bxd5 45. cxd5 Qa3 46. h4 c4 47. g4 hxg4
48. Bxg4 Qe3 49. Bf3 Qf4+ 50. Kg1 Qxh4 51. Qc1 Qf4 52. Qa3 Nxb5 53. Qe7+ Kh6
54. Qb4 c3 0-1

[Event "SV Turm Kamp-Lintfort 1 - Klub Kölner "]
[Site "NRW-Klasse - Gruppe 3 2021/20"]
[Date "2022.06.12"]
[Round "5.3"]
[White "Langner, Jasper"]
[Black "Hagen, Gunter"]
[Result "1/2-1/2"]
[WhiteElo "2035"]
[BlackElo "2122"]
[PlyCount "42"]
[EventDate "2022.??.??"]
[SourceVersionDate "2020.03.16"]
[WhiteTeam "Klub Kölner SF 2"]
[BlackTeam "SV Turm Kamp-Lintfort 1"]

1. e4 Nf6 2. e5 Nd5 3. d4 d6 4. c4 Nb6 5. f4 dxe5 6. fxe5 Nc6 7. Be3 Bf5 8. Nc3
e6 9. Nf3 Be7 10. Be2 O-O 11. O-O f6 12. exf6 Bxf6 13. Qd2 Qe7 14. Rad1 Rad8
15. Qc1 Kh8 16. h3 h6 17. Kh1 Rfe8 18. Bg1 Bg6 19. Rfe1 Qf7 20. Rf1 Qe7 21.
Rfe1 Qf7 1/2-1/2

[Event "SV Turm Kamp-Lintfort 1 - Klub Kölner "]
[Site "NRW-Klasse - Gruppe 3 2021/20"]
[Date "2022.06.12"]
[Round "5.4"]
[White "Bosser, Heinz-Dieter"]
[Black "Klemenz, Luca"]
[Result "1/2-1/2"]
[WhiteElo "1991"]
[BlackElo "2012"]
[PlyCount "60"]
[EventDate "2022.??.??"]
[SourceVersionDate "2020.03.16"]
[WhiteTeam "SV Turm Kamp-Lintfort 1"]
[BlackTeam "Klub Kölner SF 2"]

1. d4 Nf6 2. c4 e6 3. Nf3 d5 4. Nc3 c6 5. e3 Nbd7 6. Qc2 Bd6 7. e4 dxe4 8. Nxe4
Nxe4 9. Qxe4 Nf6 10. Qc2 c5 11. Be2 O-O 12. h3 cxd4 13. Nxd4 Bb4+ 14. Bd2 Bxd2+
15. Qxd2 Ne4 16. Qe3 Qa5+ 17. Kf1 Nd6 18. Kg1 e5 19. Nb3 Qc7 20. Qc5 Qe7 21.
Rd1 Rd8 22. Kh2 b6 23. Qe3 Bb7 24. Rhe1 Nf5 25. Qc1 Qf6 26. Rxd8+ Rxd8 27. Rd1
Nd4 28. Qe3 h6 29. Nxd4 exd4 30. Qg3 Re8 1/2-1/2

[Event "SV Turm Kamp-Lintfort 1 - Klub Kölner "]
[Site "NRW-Klasse - Gruppe 3 2021/20"]
[Date "2022.06.12"]
[Round "5.5"]
[White "Goldenstein, Arnd"]
[Black "Esser, Jochen"]
[Result "1-0"]
[WhiteElo "1897"]
[BlackElo "1948"]
[Annotator "daniel"]
[PlyCount "63"]
[EventDate "2022.??.??"]
[SourceVersionDate "2020.03.16"]
[WhiteTeam "Klub Kölner SF 2"]
[BlackTeam "SV Turm Kamp-Lintfort 1"]

1. d4 Nf6 2. c4 g6 3. Nc3 Bg7 4. e4 O-O 5. Nf3 d6 6. Be2 e5 7. O-O exd4 8. Nxd4
Nc6 9. Be3 Re8 10. f3 Nh5 11. f4 Nf6 12. Bf3 Bg4 13. Nxc6 Bxf3 14. Qxf3 bxc6
15. e5 dxe5 16. Rad1 e4 $11 17. Qh3 Qc8 18. f5 h5 19. fxg6 fxg6 20. Qxc8 Raxc8
21. Bxa7 e3 22. Rde1 Ng4 23. h3 Ra8 24. Bc5 Ne5 25. Rxe3 Nxc4 26. Rxe8+ Rxe8
27. b3 Bxc3 28. Rc1 Re2 29. Rxc3 Nd2 30. Re3 Rxe3 31. Bxe3 Ne4 32. a4 1-0

[Event "SV Turm Kamp-Lintfort 1 - Klub Kölner "]
[Site "NRW-Klasse - Gruppe 3 2021/20"]
[Date "2022.06.12"]
[Round "5.6"]
[White "Schubert, Mario"]
[Black "Hendrix, Joachim"]
[Result "0-1"]
[WhiteElo "1841"]
[BlackElo "1917"]
[PlyCount "48"]
[EventDate "2022.??.??"]
[SourceVersionDate "2020.03.16"]
[WhiteTeam "SV Turm Kamp-Lintfort 1"]
[BlackTeam "Klub Kölner SF 2"]

1. e4 d6 2. d4 g6 3. Nf3 Bg7 4. h3 Nf6 5. Nc3 Nc6 6. Bg5 h6 7. Be3 a6 8. a4 e6
9. Qd2 b6 10. Nh2 Bb7 11. f3 e5 12. d5 Nd4 13. Qf2 Nh5 14. g4 Bf6 15. O-O-O Bh4
16. Qd2 Ng3 17. Rg1 b5 18. Nb1 c5 19. dxc6 Bxc6 20. Bxd4 Nxf1 21. Nxf1 exd4 22.
Qxd4 O-O 23. Qxd6 Bg5+ 24. f4 Qxd6 0-1

[Event "SV Turm Kamp-Lintfort 1 - Klub Kölner "]
[Site "NRW-Klasse - Gruppe 3 2021/20"]
[Date "2022.06.12"]
[Round "5.7"]
[White "Lemaic, Mile"]
[Black "Schmidt, Konrad"]
[Result "1-0"]
[WhiteElo "1962"]
[BlackElo "1849"]
[PlyCount "93"]
[EventDate "2022.??.??"]
[SourceVersionDate "2020.03.16"]
[WhiteTeam "Klub Kölner SF 2"]
[BlackTeam "SV Turm Kamp-Lintfort 1"]

1. e4 e5 2. Nf3 Nc6 3. d4 exd4 4. Bc4 Nf6 5. O-O Nxe4 6. Re1 d5 7. Bxd5 Qxd5 8.
Nc3 Qa5 9. Nxe4 Be6 10. Neg5 O-O-O 11. Nxe6 fxe6 12. Rxe6 Bd6 13. Qe2 Qh5 14.
Bg5 d3 15. Qe4 Nd4 16. h4 Nxe6 17. Qxe6+ Rd7 18. cxd3 h6 19. Be3 Re8 20. Qc4 a6
21. a4 Qf7 22. Qc3 Qd5 23. b4 Be5 24. d4 Bf6 25. b5 axb5 26. axb5 Rde7 27. Bf4
c6 28. bxc6 bxc6 29. Ra5 Qe4 30. Be5 Rb7 31. Qa3 Qb1+ 32. Kh2 Qb4 33. Ra8+ Kd7
34. Qxb4 Rxb4 35. Bxf6 gxf6 36. Ra7+ Kd6 37. Rh7 Re2 38. Rxh6 Ke6 39. Kg3 Rbb2
40. Ng5+ Ke7 41. Nh3 Red2 42. Rh7+ Ke8 43. Rc7 Rbc2 44. h5 Rxd4 45. h6 Kf8 46.
h7 Rc3+ 47. f3 1-0

[Event "SV Turm Kamp-Lintfort 1 - Klub Kölner "]
[Site "NRW-Klasse - Gruppe 3 2021/20"]
[Date "2022.06.12"]
[Round "5.8"]
[White "Peschges, Paul"]
[Black "Terwagne, Bertrand"]
[Result "0-1"]
[WhiteElo "1690"]
[BlackElo "1787"]
[PlyCount "52"]
[EventDate "2022.??.??"]
[SourceVersionDate "2020.03.16"]
[WhiteTeam "SV Turm Kamp-Lintfort 1"]
[BlackTeam "Klub Kölner SF 2"]

1. e4 e5 2. Nf3 Nc6 3. Bc4 Bc5 4. c3 Nf6 5. d4 exd4 6. e5 d5 7. Bb5 Ne4 8. cxd4
Bb6 9. Nc3 O-O 10. Be3 Bg4 11. h3 Bh5 12. O-O f6 13. g4 Bg6 14. Bxc6 Nxc3 15.
bxc3 bxc6 16. a4 a5 17. Rc1 Be4 18. exf6 Qxf6 19. Ne5 Qh4 20. Kh2 Rae8 21. f3
Rxe5 22. Bf2 Qh6 23. dxe5 Rxf3 24. Bg3 Rxf1 25. Qxf1 Qd2+ 26. Bf2 Bxf2 0-1

[Event "SK Turm Kleve 1 - Kölner SK Dr. Lasker"]
[Site "NRW-Klasse - Gruppe 3 2021/20"]
[Date "2022.06.12"]
[Round "5.1"]
[White "Di Franco, Patricio"]
[Black "Albers, Sasa"]
[Result "0-1"]
[WhiteElo "2049"]
[BlackElo "2099"]
[PlyCount "106"]
[EventDate "2022.??.??"]
[SourceVersionDate "2020.03.16"]
[WhiteTeam "Kölner SK Dr. Lasker 2"]
[BlackTeam "SK Turm Kleve 1"]

1. d4 Nf6 2. c4 e6 3. Bf4 b6 4. a3 Bb7 5. Nc3 d5 6. cxd5 exd5 7. e3 Be7 8. Bd3
O-O 9. Nf3 c5 10. O-O Na6 11. Rc1 Nc7 12. dxc5 bxc5 13. Bxc7 Qxc7 14. b4 c4 15.
Bf5 a5 16. Rb1 g6 17. Bh3 Rfd8 18. Qc1 axb4 19. axb4 Ne4 20. b5 Bf6 21. b6 Qc5
22. Ne2 Ra6 23. Nf4 Rxb6 24. Rxb6 Qxb6 25. Qb1 Qc7 26. g3 d4 27. Bg2 d3 28. Rc1
Nc3 29. Qb4 Bxf3 30. Bxf3 d2 31. Rxc3 Bxc3 32. Qxc3 d1=Q+ 33. Bxd1 Rxd1+ 34.
Kg2 Qc6+ 35. f3 Rd8 36. e4 f6 37. Nd5 Kf7 38. Qa5 Ra8 39. Qb4 Ra7 40. Qb8 Ra2+
41. Kh3 Ra8 42. Qb4 Qd7+ 43. g4 h5 44. Qxc4 hxg4+ 45. Kg3 Kg7 46. Qd4 Qd6+ 47.
f4 Ra3+ 48. Kxg4 Qe6+ 49. f5 gxf5+ 50. Kf4 fxe4 51. Ne3 Ra2 52. Ng4 Kg6 53. h4
Qf5+ 0-1

[Event "SK Turm Kleve 1 - Kölner SK Dr. Lasker"]
[Site "NRW-Klasse - Gruppe 3 2021/20"]
[Date "2022.06.12"]
[Round "5.2"]
[White "Shakhverdian, William"]
[Black "Mandt, Mathias"]
[Result "1/2-1/2"]
[WhiteElo "2040"]
[BlackElo "2052"]
[PlyCount "46"]
[EventDate "2022.??.??"]
[SourceVersionDate "2020.03.16"]
[WhiteTeam "SK Turm Kleve 1"]
[BlackTeam "Kölner SK Dr. Lasker 2"]

1. d4 d5 2. c4 c6 3. Nc3 Nf6 4. Nf3 e6 5. e3 Nbd7 6. Qc2 Be7 7. Bd3 dxc4 8.
Bxc4 b5 9. Be2 Bb7 10. O-O a6 11. e4 c5 12. dxc5 Nxc5 13. Rd1 Qc8 14. e5 Nd5
15. Nxd5 Bxd5 16. b3 Qb7 17. Bg5 O-O 18. Bxe7 Qxe7 19. Rac1 Nd7 20. Qc7 Rfb8
21. Rc2 Rb7 22. Qa5 Qd8 23. Qc3 h6 1/2-1/2

[Event "SK Turm Kleve 1 - Kölner SK Dr. Lasker"]
[Site "NRW-Klasse - Gruppe 3 2021/20"]
[Date "2022.06.12"]
[Round "5.3"]
[White "Strohmeyer, Jochen"]
[Black "Verfuerth, Kevin"]
[Result "1/2-1/2"]
[WhiteElo "2143"]
[BlackElo "2019"]
[PlyCount "44"]
[EventDate "2022.??.??"]
[SourceVersionDate "2020.03.16"]
[WhiteTeam "Kölner SK Dr. Lasker 2"]
[BlackTeam "SK Turm Kleve 1"]

1. e4 c5 2. Ne2 Nc6 3. g3 g6 4. Bg2 Bg7 5. O-O e6 6. c3 Nge7 7. d4 cxd4 8. cxd4
d5 9. exd5 Nxd5 10. Nbc3 O-O 11. Nxd5 exd5 12. Qb3 Bg4 13. Nc3 Nxd4 14. Qxd5
Qxd5 15. Nxd5 Nc2 16. Rb1 Be2 17. Bg5 Bxf1 18. Kxf1 h6 19. Be7 Rfe8 20. Bd6
Red8 21. Be7 Rdc8 22. Bd6 Rd8 1/2-1/2

[Event "SK Turm Kleve 1 - Kölner SK Dr. Lasker"]
[Site "NRW-Klasse - Gruppe 3 2021/20"]
[Date "2022.06.12"]
[Round "5.4"]
[White "Wiegersma, Justus"]
[Black "Fox, Daniel"]
[Result "1/2-1/2"]
[WhiteElo "2029"]
[BlackElo "2128"]
[PlyCount "36"]
[EventDate "2022.??.??"]
[SourceVersionDate "2020.03.16"]
[WhiteTeam "SK Turm Kleve 1"]
[BlackTeam "Kölner SK Dr. Lasker 2"]

1. c4 e6 2. Nf3 Nf6 3. b3 d5 4. e3 Be7 5. Bb2 O-O 6. Nc3 c5 7. cxd5 Nxd5 8. Be2
Nc6 9. O-O Bf6 10. Qb1 Nxc3 11. Bxc3 Bxc3 12. dxc3 Qf6 13. Qc2 Bd7 14. Rfd1
Rfd8 15. Rd2 Be8 16. Rad1 Rxd2 17. Rxd2 Rd8 18. h3 g6 1/2-1/2

[Event "SK Turm Kleve 1 - Kölner SK Dr. Lasker"]
[Site "NRW-Klasse - Gruppe 3 2021/20"]
[Date "2022.06.12"]
[Round "5.5"]
[White "Diesner, Michael"]
[Black "Brandt, Thorsten"]
[Result "1/2-1/2"]
[WhiteElo "2040"]
[BlackElo "1974"]
[PlyCount "69"]
[EventDate "2022.??.??"]
[SourceVersionDate "2020.03.16"]
[WhiteTeam "Kölner SK Dr. Lasker 2"]
[BlackTeam "SK Turm Kleve 1"]

1. Nf3 e6 2. g3 c5 3. Bg2 Nc6 4. O-O g6 5. d4 cxd4 6. Nxd4 Bg7 7. Nb5 d5 8. e4
d4 9. c3 a6 10. Nxd4 Nxd4 11. cxd4 Qxd4 12. Qb3 Ne7 13. Rd1 Qe5 14. Nc3 O-O 15.
Bf4 Qa5 16. Bd6 Re8 17. Bb4 Qb6 18. Bxe7 Qxb3 19. axb3 Rxe7 20. Rd8+ Bf8 21.
Na4 Rc7 22. Nb6 Rb8 23. Rad1 Kg7 24. Nd7 Bxd7 25. Rxb8 Bb5 26. Bf1 Bc6 27. Bd3
Rd7 28. f3 Bc5+ 29. Kf1 f5 30. exf5 exf5 31. Be2 Rxd1+ 32. Bxd1 Bd4 33. Ke2 Bg1
34. h3 Bd4 35. g4 1/2-1/2

[Event "SK Turm Kleve 1 - Kölner SK Dr. Lasker"]
[Site "NRW-Klasse - Gruppe 3 2021/20"]
[Date "2022.06.12"]
[Round "5.6"]
[White "van Kuijk, Vadim"]
[Black "Rosenkraenzer, Torsten"]
[Result "1-0"]
[WhiteElo "1887"]
[BlackElo "2028"]
[PlyCount "57"]
[EventDate "2022.??.??"]
[SourceVersionDate "2020.03.16"]
[WhiteTeam "SK Turm Kleve 1"]
[BlackTeam "Kölner SK Dr. Lasker 2"]

1. e4 c5 2. Nf3 d6 3. d4 cxd4 4. Nxd4 Nf6 5. Nc3 e6 6. g4 h6 7. Rg1 Be7 8. Be3
d5 9. Bb5+ Kf8 10. exd5 Nxd5 11. Nxd5 Qxd5 12. Qe2 Bd7 13. Bc4 Qa5+ 14. Bd2 Qb6
15. Bc3 Bb4 16. Bxb4+ Qxb4+ 17. c3 Qe7 18. O-O-O Nc6 19. f4 Rc8 20. Rge1 a6 21.
Nf5 Qd8 22. Nd6 Rc7 23. f5 Bc8 24. Nxf7 Rxf7 25. Rxd8+ Nxd8 26. fxe6 Re7 27.
Qd3 Nc6 28. Qf5+ Ke8 29. Rd1 1-0

[Event "SK Turm Kleve 1 - Kölner SK Dr. Lasker"]
[Site "NRW-Klasse - Gruppe 3 2021/20"]
[Date "2022.06.12"]
[Round "5.7"]
[White "Mews, Bernhard"]
[Black "Auwens, Michel"]
[Result "0-1"]
[WhiteElo "1984"]
[BlackElo "1800"]
[PlyCount "64"]
[EventDate "2022.??.??"]
[SourceVersionDate "2020.03.16"]
[WhiteTeam "Kölner SK Dr. Lasker 2"]
[BlackTeam "SK Turm Kleve 1"]

1. d4 Nf6 2. Nc3 d6 3. e4 c6 4. f4 g6 5. Nf3 Bg7 6. Be2 O-O 7. O-O b5 8. e5
dxe5 9. fxe5 Nd5 10. Nxd5 Qxd5 11. Be3 Na6 12. c3 Nc7 13. Qe1 Bf5 14. Nd2 Qd7
15. Qh4 Nd5 16. Bh6 f6 17. Bxg7 Kxg7 18. g4 g5 19. Qg3 Bg6 20. Nb3 Nf4 21. Bf3
fxe5 22. dxe5 Bf7 23. Nd4 Bd5 24. Nf5+ Kg6 25. Rae1 e6 26. Bxd5 cxd5 27. Nd4 b4
28. cxb4 Qb7 29. a3 Qb6 30. Qe3 a5 31. Nc2 Qc6 32. Rc1 d4 0-1

[Event "SK Turm Kleve 1 - Kölner SK Dr. Lasker"]
[Site "NRW-Klasse - Gruppe 3 2021/20"]
[Date "2022.06.12"]
[Round "5.8"]
[White "Verfuerth, Thomas"]
[Black "Glaser, Steffen"]
[Result "1-0"]
[WhiteElo "1979"]
[BlackElo "1927"]
[PlyCount "57"]
[EventDate "2022.??.??"]
[SourceVersionDate "2020.03.16"]
[WhiteTeam "SK Turm Kleve 1"]
[BlackTeam "Kölner SK Dr. Lasker 2"]

1. c4 Nf6 2. Nc3 e6 3. e4 d5 4. exd5 exd5 5. d4 c6 6. Nf3 h6 7. h3 Be6 8. Qb3
Qb6 9. Bf4 Qxb3 10. axb3 Nbd7 11. c5 Be7 12. b4 O-O 13. b5 cxb5 14. Bxb5 a6 15.
Bd3 Nh5 16. Bd2 f5 17. O-O Nhf6 18. Rfe1 Ne4 19. Bc2 Rae8 20. Bb3 Ndf6 21. Bf4
g5 22. Bc7 Rc8 23. Bh2 Kg7 24. Be5 Rcd8 25. Rac1 Kg6 26. Bc7 Rd7 27. Ne5+ Kg7
28. Nxd7 Bxd7 29. f3 1-0

[Event "Oberhausener SV 1 - Krefelder SK Turm 2"]
[Site "NRW-Klasse - Gruppe 3 2021/20"]
[Date "2022.06.12"]
[Round "5.1"]
[White "Markgraf, Jonas"]
[Black "Becker, Marcel"]
[Result "1/2-1/2"]
[WhiteElo "2006"]
[BlackElo "2321"]
[PlyCount "78"]
[EventDate "2022.??.??"]
[SourceVersionDate "2020.03.16"]
[WhiteTeam "Krefelder SK Turm 2"]
[BlackTeam "Oberhausener SV 1"]

1. e4 c6 2. Nc3 d5 3. d4 dxe4 4. Nxe4 Bf5 5. Ng3 Bg6 6. h4 h6 7. h5 Bh7 8. Nf3
e6 9. Bd3 Bxd3 10. Qxd3 Nf6 11. Bd2 c5 12. O-O-O Nc6 13. Bc3 Qd5 14. Kb1 Nb4
15. Bxb4 cxb4 16. Rhe1 Bd6 17. Nf5 O-O 18. Nxd6 Qxd6 19. Ne5 Nd5 20. g4 f6 21.
Nc4 Qc6 22. Ne3 Rfd8 23. Nxd5 Rxd5 24. f4 Rad8 25. Qe3 Kh8 26. Rd3 R8d6 27. c3
bxc3 28. Rxc3 Qd7 29. Rec1 Rc6 30. Rxc6 bxc6 31. Rc4 Qd6 32. Qe4 c5 33. dxc5
Rxc5 34. Rxc5 Qxc5 35. Qxe6 Qg1+ 36. Kc2 Qf2+ 37. Kb1 Qg1+ 38. Kc2 Qf2+ 39. Kb1
Qg1+ 1/2-1/2

[Event "Oberhausener SV 1 - Krefelder SK Turm 2"]
[Site "NRW-Klasse - Gruppe 3 2021/20"]
[Date "2022.06.12"]
[Round "5.2"]
[White "Kummerow, Heiko"]
[Black "Reuter, Julian-Frank"]
[Result "1-0"]
[WhiteElo "2213"]
[BlackElo "1970"]
[PlyCount "63"]
[EventDate "2022.??.??"]
[SourceVersionDate "2020.03.16"]
[WhiteTeam "Oberhausener SV 1"]
[BlackTeam "Krefelder SK Turm 2"]

1. e4 c5 2. Nf3 d6 3. d4 cxd4 4. Nxd4 Nf6 5. Nc3 a6 6. Bg5 e6 7. f4 h6 8. Bh4
Qb6 9. Qd2 Qxb2 10. Rb1 Qa3 11. e5 dxe5 12. fxe5 Nd5 13. Nxd5 exd5 14. e6 Bxe6
15. Nxe6 fxe6 16. Bd3 Be7 17. Bg6+ Kd8 18. Bxe7+ Qxe7 19. O-O Nd7 20. Rf7 Qc5+
21. Kh1 Rf8 22. Rxg7 Rf6 23. Bd3 Qf8 24. Rh7 Rc8 25. Qa5+ Rc7 26. Bxa6 Qc5 27.
Bb5 Nb6 28. Rh8+ Ke7 29. Re1 Nc4 30. Qa8 e5 31. Bxc4 Qxc4 32. Qe8+ 1-0